[Event "Match"]
[Site "www.echecsemail.com"]
[Date "2017.03.02"]
[Round "1"]
[White "Genius9"]
[Black "Billyg"]
[WhiteElo "1610"]
[BlackElo "1670"]
[Result "1-0"]
[Round "1"]
1.e4 e5
2.Ng1f3 d6
3.d4 Bc8g4
4.dxe5 a6
5.Bf1e2 Bg4xf3
6.Be2xf3 Nb8c6
7.Nb1c3 Nc6xe5
8.O-O Qd8d7
9.Nc3d5 Ng8f6
10.Nd5xf6 gxf6
11.Qd1e2 O-O-O
12.c4 Ne5c6
13.Bf3g4 Nc6e5
14.Bg4xd7 Ne5xd7
15.Bc1e3 Rd8e8
16.f3 h5
17.b4 f5
18.exf5 d5
19.Qe2f2 dxc4
20.Be3d4 Rh8h6
21.Qf2c2 b5
22.Rf1e1 Re8xe1
23.Ra1xe1 Bf8xb4
24.Re1e8 Kb7
25.Qc2e4 c6
26.Qe4f4 c5
27.Qf4xh6 cxd4
28.Qh6g7 d3
29.Qg7xf7 Kc7
30.Qf7xh5 { resign }
1-0

[Event "Match"]
[Site "www.echecsemail.com"]
[Date "2017.03.02"]
[Round "1"]
[White "Aiko1603"]
[Black "Avefenix17"]
[WhiteElo "1840"]
[BlackElo "1809"]
[Result "1-0"]
[Round "1"]
1.c4 e5
2.Nb1c3 Ng8f6
3.g3 d5
4.cxd5 Nf6xd5
5.Bf1g2 Nd5f6
6.d3 Bf8d6
7.Ng1f3 O-O
8.O-O Nb8c6
9.Bc1g5 h6
10.Bg5xf6 Qd8xf6
11.Nc3e4 Qf6e7
12.a3 f5
13.Ne4xd6 cxd6
14.Nf3h4 Qe7f7
15.f4 exf4
16.Rf1xf4 g5
17.Nh4xf5 Bc8xf5
18.Rf4f2 Qf7e6
19.d4 d5
20.Qd1b3 Bf5e4
21.Bg2xe4 Qe6xe4
22.Qb3xb7 Nc6xd4
23.e3 Nd4f3
24.Rf2xf3 Qe4xf3
25.Qb7b3 Ra8e8
26.Qb3d3 Rf8f5
27.Ra1f1 Qf3xf1
28.Qd3xf1 Rf5xf1
29.Kxf1  { time }
1-0

[Event "Match"]
[Site "www.echecsemail.com"]
[Date "2017.03.02"]
[Round "1"]
[White "Llord"]
[Black "Avefenix17"]
[WhiteElo "1960"]
[BlackElo "1809"]
[Result "1-0"]
[Round "1"]
1.e4 e6
2.d4 d5
3.exd5 exd5
4.Ng1f3 Ng8f6
5.Bf1d3 Bf8d6
6.Bc1g5 h6
7.Bg5h4 Qd8e7
8.Qd1e2 Qe7xe2
9.Bd3xe2 Nf6e4
10.O-O O-O
11.Be2d3 f5
12.Nb1d2 Ne4xd2
13.Nf3xd2 g5
14.Bh4xg5 hxg5
15.Nd2f3 g4
16.Nf3h4 Nb8c6
17.c3 Kg7
18.f3 g3
19.h3 Bd6e7
20.Nh4xf5 Bc8xf5
21.Bd3xf5 Rf8xf5
22.Rf1e1 Be7g5
23.Re1e2  { time }
1-0

[Event "Match"]
[Site "www.echecsemail.com"]
[Date "2017.03.02"]
[Round "1"]
[White "Pariolinius"]
[Black "Azorau"]
[WhiteElo "2040"]
[BlackElo "1820"]
[Result "1-0"]
[Round "1"]
1.e4 e5
2.f4 exf4
3.Ng1f3 d5
4.e5 c6
5.d4 g5
6.Nb1c3 Bf8b4
7.Bc1d2 Bc8g4
8.Bf1d3 Qd8e7
9.Qd1e2 Nb8d7
10.O-O-O a5
11.a3 Bb4xa3
12.Nc3a4 Ba3b4
13.c3 Bg4xf3
14.Qe2xf3 O-O-O
15.cxb4 Kc7
16.bxa5 Rd8a8
17.Kc2 b5
18.Na4c5 Nd7xc5
19.Bd2b4 g4
20.Qf3xf4 Qe7e6
21.Bb4xc5 Ra8xa5
22.Bc5d6 Kd7
23.Rd1a1 Ra5xa1
24.Rh1xa1 Qe6h6
25.Qf4f5 Kd8
26.Ra1a8 { resign }
1-0

[Event "Match"]
[Site "www.echecsemail.com"]
[Date "2017.03.02"]
[Round "1"]
[White "Mrynmryn"]
[Black "Fangshuo"]
[WhiteElo "2090"]
[BlackElo "2020"]
[Result "0-1"]
[Round "1"]
1.Ng1f3 d5
2.d4 c5
3.Bc1f4 Nb8c6
4.e3 e6
5.c4 cxd4
6.Nf3xd4 Nc6xd4
7.Qd1xd4 Qd8a5
8.Nb1d2 Bf8b4
9.a3 Bb4xd2
10.Qd4xd2 Qa5xd2
11.Kxd2 dxc4
12.Bf1xc4 Bc8d7
13.Rh1d1 Ng8f6
14.h3 O-O
15.Ra1c1 Rf8d8
16.Ke2 b5
17.Bc4d3 Nf6d5
18.Bf4h2 Nd5e7
19.Rc1c7 Ne7d5
20.Rc7b7 Bd7c6
21.Rb7xb5 Bc6xb5
22.Bd3xb5 a6
23.Bb5c4 Ra8a7
24.e4 Ra7b7
25.exd5 Rb7xb2
26.Ke1 exd5
27.Rd1xd5 Rd8e8
28.Kd1 g6
29.Rd5d7 Rb2xf2
30.Bh2g3 Rf2f6
31.Bg3e1 Re8c8
32.Be1c3 Rf6f4
{ resign }
0-1

[Event "Match"]
[Site "www.echecsemail.com"]
[Date "2017.03.02"]
[Round "1"]
[White "Fangshuo"]
[Black "Sozaro"]
[WhiteElo "2020"]
[BlackElo "1699"]
[Result "0-1"]
[Round "1"]
1.e4 e5
2.Ng1f3 Nb8c6
3.Nb1c3 Ng8f6
4.Bf1b5 Bf8c5
5.Bb5xc6 dxc6
6.Nc3e2 Nf6xe4
7.d4 exd4
8.Ne2xd4 Bc5b4
9.c3 Ne4xc3
10.bxc3 Bb4xc3
11.Bc1d2 Bc3xd4
12.Qd1e2 Bc8e6
13.Nf3xd4 Qd8xd4
14.O-O O-O-O
15.Bd2e3 Qd4a4
16.Qe2b2 f6
17.Ra1b1 b6
18.a3 c5
19.f4 Rh8e8
20.Be3xc5 Be6f5
{ resign }
0-1

[Event "Match"]
[Site "www.echecsemail.com"]
[Date "2017.03.02"]
[Round "1"]
[White "Pariolinius"]
[Black "Avefenix17"]
[WhiteElo "1980"]
[BlackElo "1809"]
[Result "1-0"]
[Round "1"]
1.d4 Ng8f6
2.Ng1f3 d5
3.Bc1f4 Bc8f5
4.e3 e6
5.c3 Bf8e7
6.Bf1b5 Nb8d7
7.Nb1d2 c5
8.O-O a6
9.Bb5a4 b5
10.Ba4c2 Bf5xc2
11.Qd1xc2 O-O
12.Rf1e1 Qd8b6
13.Nf3e5 Rf8c8
14.Ra1c1 cxd4
15.Ne5xd7 Nf6xd7
16.exd4 b4
17.Qc2a4 Qb6b5
18.Qa4b3 Nd7b6
19.Qb3d1  { time }
1-0

[Event "Match"]
[Site "www.echecsemail.com"]
[Date "2017.03.02"]
[Round "1"]
[White "Sozaro"]
[Black "Mrynmryn"]
[WhiteElo "1699"]
[BlackElo "2090"]
[Result "1-0"]
[Round "1"]
1.e4 e5
2.Ng1f3 Ng8f6
3.d4 exd4
4.e5 Nf6d5
5.Qd1xd4 c6
6.Nb1c3 Nd5xc3
7.Qd4xc3 d5
8.exd6 Bf8xd6
9.Qc3xg7 Qd8e7
10.Bf1e2 Qe7f8
11.Qg7d4 Bc8e6
12.Bc1g5 Nb8d7
13.O-O-O Bd6c5
14.Qd4d2 Bc5xf2
15.Be2c4 f6
16.Bc4xe6 { resign }
1-0

[Event "1/32 Finale"]
[Site "www.chess-mail.com"]
[Date "2017.03.02"]
[Round "1"]
[White "Sportuga"]
[Black "George1955"]
[WhiteElo "2400"]
[BlackElo "2740"]
[Result "0-1"]
[Round "1"]
1.e4 e5
2.Ng1f3 Nb8c6
3.Bf1b5 a6
4.Bb5a4 Ng8f6
5.O-O Bf8e7
6.Qd1e2 b5
7.Ba4b3 d6
8.c3 O-O
9.a4 b4
10.a5 Ra8b8
11.Bb3c4 Qd8d7
12.Rf1e1 Rf8e8
13.b3 h6
14.Bc4xa6 Bc8xa6
15.Qe2xa6 d5
16.exd5 Qd7xd5
17.d3 e4
18.dxe4 Nf6xe4
19.Qa6f1 bxc3
20.a6 Rb8xb3
21.Re1d1 Qd5e6
22.Rd1e1 Be7c5
23.Bc1e3 Bc5xe3
24.Re1xe3 c2
25.Nb1a3 Rb3xe3
26.fxe3 Ne4d2
{ resign }
0-1

[Event "Fast Game"]
[Site "www.echecsemail.com"]
[Date "2017.03.02"]
[Round "1"]
[White "Sonfamen"]
[Black "Hennie4820"]
[WhiteElo "1599"]
[BlackElo "1660"]
[Result "0-1"]
[Round "1"]
1.Ng1f3 Ng8f6
2.c4 g6
3.e3 Bf8g7
4.Nb1c3 O-O
5.d4 d6
6.Bf1d3 Nb8d7
7.b4 e5
8.dxe5 dxe5
9.a4 Rf8e8
10.e4 Nd7f8
11.Bc1g5 Bc8g4
12.Bg5xf6 Qd8xf6
13.Nc3d5 Qf6d8
14.Qd1b3 c6
15.Nd5e3 Bg4xf3
16.gxf3 Nf8e6
17.Ne3c2 Ne6f4
18.O-O-O Qd8g5
19.Nc2e3 Ra8d8
20.h4 Qg5h6
21.Kb1 Rd8d7
22.h5 Re8d8
23.hxg6 Qh6xg6
24.Bd3c2 Rd7xd1
25.Ne3xd1 Rd8d2
26.Nd1e3 Rd2xf2
27.Ne3g4 Rf2d2
28.Qb3e3 Rd2e2
29.Qe3xa7 Qg6d6
 { time }
0-1

[Event "Tourn. n9209"]
[Site "www.chess-mail.com"]
[Date "2017.03.03"]
[Round "1"]
[White "Osmundw"]
[Black "Redabond"]
[WhiteElo "1440"]
[BlackElo "1660"]
[Result "0-1"]
[Round "1"]
1.e4 e5
2.d3 Bf8c5
3.Bc1e3 Bc5xe3
4.fxe3 Ng8f6
5.g3 O-O
6.Ng1e2 d6
7.Nb1c3 Bc8g4
8.Nc3d5 Nf6xd5
9.exd5 f5
10.d4 e4
11.h3 Bg4xe2
12.Qd1xe2 Nb8d7
13.g4 Qd8h4
14.Kd1 f4
15.exf4 Rf8xf4
16.Bf1g2 Ra8e8
17.Rh1e1 Rf4f2
18.Qe2b5 Rf2xg2
19.Qb5xb7 Qh4xh3
20.Qb7xc7 Qh3xg4
21.Kc1 e3
22.b3 Qg4xd4
23.Qc7xd7 Qd4d2
24.Kb2 Qd2xc2
25.Ka3 Qc2c5
26.b4 Qc5c3
27.Ka4 Re8b8
28.Ra1c1 Qc3xb4
{ resign }
0-1

[Event "Tourn. n9245"]
[Site "www.chess-mail.com"]
[Date "2017.03.03"]
[Round "1"]
[White "Falcoale"]
[Black "Sonfamen"]
[WhiteElo "1960"]
[BlackElo "1809"]
[Result "1-0"]
[Round "1"]
1.e4 c5
2.Ng1f3 e6
3.Bf1c4 a6
4.a3 d5
5.exd5 exd5
6.Bc4a2 Ng8f6
7.O-O Bc8e6
8.d3 Bf8d6
9.Bc1g5  { time }
1-0

[Event "Tourn. n9216"]
[Site "www.chess-mail.com"]
[Date "2017.03.03"]
[Round "1"]
[White "Geretree"]
[Black "Genius7"]
[WhiteElo "1860"]
[BlackElo "1890"]
[Result "1-0"]
[Round "1"]
1.e4 c5
2.Ng1f3 Nb8c6
3.d4 cxd4
4.Nf3xd4 g6
5.Bf1c4 Bf8g7
6.Nd4xc6 bxc6
7.Nb1c3 e6
8.Bc1f4 Ng8e7
9.Qd1d6 O-O
10.O-O Rf8e8
11.Ra1d1 h6
12.h3 Qd8b6
13.b3 a5
14.Nc3a4 Qb6b8
15.Qd6xb8 Ra8xb8
16.Bf4xb8 { resign }
1-0

[Event "Tourn. n9192"]
[Site "www.chess-mail.com"]
[Date "2017.03.03"]
[Round "1"]
[White "Orhany24"]
[Black "Piriot"]
[WhiteElo "2220"]
[BlackElo "2169"]
[Result "0-1"]
[Round "1"]
1.e4 e5
2.Ng1f3 Ng8f6
3.d3 Nb8c6
4.c4 Bf8b4
5.Bc1d2 Qd8e7
6.Nb1c3 d6
7.h3 O-O
8.a3 Bb4xc3
9.bxc3 a5
10.Bf1e2 a4
11.O-O Bc8d7
12.Nf3h2 Nc6a5
13.f4 Na5b3
14.Ra1b1 h6
15.Nh2f3 Rf8e8
16.f5 c6
17.Bd2e3 c5
18.Qd1c2 b5
19.cxb5 Bd7xb5
20.Kh2 d5
21.c4 dxc4
22.dxc4 Bb5c6
23.Be2d3 Re8d8
24.Nf3d2 Qe7d6
25.Nd2xb3 Qd6xd3
{ resign }
0-1

[Event "Tourn. n9207"]
[Site "www.chess-mail.com"]
[Date "2017.03.03"]
[Round "1"]
[White "Falcoale"]
[Black "Albertf"]
[WhiteElo "1870"]
[BlackElo "1790"]
[Result "0-1"]
[Round "1"]
1.e4 e5
2.Ng1f3 Nb8c6
3.Bf1c4 Nc6d4
4.c3 Nd4xf3
5.Qd1xf3 Qd8f6
6.Qf3e2 Bf8c5
7.O-O d6
8.b4 Bc5b6
9.Kh1 Ng8h6
10.d3 Bc8e6
11.f4 Be6xc4
12.fxe5 Qf6xe5
13.dxc4 O-O-O
14.a4 a6
15.a5 Bb6a7
16.b5 axb5
17.cxb5 Rh8e8
18.Bc1xh6 gxh6
19.b6 cxb6
20.axb6 Ba7xb6
21.Qe2c4 Bb6c7
22.Nb1d2 d5
23.Ra1a8 Kd7
24.Rf1xf7 Re8e7
25.Qc4b5 Ke6
26.Ra8xd8 Qe5xh2
{ resign }
0-1

[Event "Tourn. n9197"]
[Site "www.chess-mail.com"]
[Date "2017.03.03"]
[Round "1"]
[White "Darko10"]
[Black "Conde7"]
[WhiteElo "2650"]
[BlackElo "2900"]
[Result "1/2-1/2"]
[Round "1"]
1.e4 e5
2.Ng1f3 Nb8c6
3.Bf1b5 a6
4.Bb5a4 Ng8f6
5.O-O Bf8e7
6.Rf1e1 b5
7.Ba4b3 O-O
8.c3 d5
9.exd5 Nf6xd5
10.Nf3xe5 Nc6xe5
11.Re1xe5 c6
12.d4 Be7d6
13.Re5e1 Qd8h4
14.g3 Qh4h3
15.Qd1e2 Bc8g4
16.Qe2f1 Qh3h5
17.Nb1d2 Ra8e8
18.Re1xe8 Rf8xe8
19.f3 Bg4h3
20.Qf1f2 Bh3f5
21.Nd2f1 Qh5g6
22.Bb3xd5 cxd5
23.Nf1e3 h5
24.Ne3xf5 Qg6xf5
25.Bc1d2 h4
26.Ra1e1 Re8xe1
27.Bd2xe1 h3
28.Qf2e2 Qf5b1
29.b4 Bd6f8
30.Kf2 { draw }
1/2-1/2

[Event "Tourn. n9132"]
[Site "www.chess-mail.com"]
[Date "2017.03.03"]
[Round "1"]
[White "Picifarkinca"]
[Black "Pariolinius"]
[WhiteElo "1630"]
[BlackElo "1900"]
[Result "1-0"]
[Round "1"]
1.e4 c5
2.Ng1f3 d6
3.Bf1b5 Bc8d7
4.a4 Nb8c6
5.O-O a6
6.Bb5e2 Ng8f6
7.d3 e5
8.h3 Bf8e7
9.c3 O-O
10.Bc1e3 Ra8c8
11.Nb1a3 Bd7e6
12.Nf3g5 Qd8b6
13.Ng5xe6 fxe6
14.b4 Qb6c7
15.Qd1b3 d5
16.exd5 exd5
17.bxc5 Kh8
18.d4 Nc6a5
19.Qb3a2 Rc8d8
20.Ra1b1 Nf6e4
21.Rf1d1 Ne4xc3
22.Qa2c2 Nc3xe2
23.Qc2xe2 Be7f6
24.Qe2d2 e4
25.Be3f4 Qc7d7
26.Qd2xa5 Rd8b8
27.Bf4xb8 Rf8xb8
28.Rb1b6 Bf6d8
29.c6 Qd7c8
30.Qa5xd5 Bd8xb6
31.Qd5xe4 Qc8xc6
32.Qe4xc6 bxc6
33.Na3c4 Bb6c7
34.Nc4e5 Bc7xe5
35.dxe5 Kg8
36.Rd1d4 Rb8b1
37.Kh2 Rb1e1
38.f4 Re1b1
39.Rd4c4 Rb1b6
40.Kg3 Kf7
41.f5 Rb6b3
42.Kf4 c5
43.Rc4xc5 Rb3b4
44.Kf3 Rb4xa4
45.Rc5c7 Kf8
46.e6 Ra4b4
47.Rc7a7 Rb4b3
48.Ke4 Rb3b4
49.Kd3 Rb4b5
50.g4 Rb5b3
51.Ke4 Rb3b4
52.Kd5 Rb4b5
53.Kc6 Kg8
54.Ra7a8 { resign }
1-0

[Event "Tourn. n9164"]
[Site "www.chess-mail.com"]
[Date "2017.03.03"]
[Round "1"]
[White "Vasylpuzanov"]
[Black "Arerax"]
[WhiteElo "1500"]
[BlackElo "1339"]
[Result "1-0"]
[Round "1"]
1.e4 e5
2.f4 exf4
3.Ng1f3 d5
4.exd5 Qd8xd5
5.d4 b6
6.Bf1e2 Ng8f6
7.Bc1xf4 g5
8.Bf4xg5 Nf6e4
9.c4 Qd5a5
10.Bg5d2 Qa5f5
11.O-O Nb8c6
12.Be2d3 Qf5g6
13.Bd3xe4 Qg6f6
14.Nf3e5 Qf6d8
15.Be4xc6 Ke7
16.Bc6xa8 { resign }
1-0

[Event "Tourn. n9251"]
[Site "www.chess-mail.com"]
[Date "2017.03.03"]
[Round "1"]
[White "Falcoale"]
[Black "Sonfamen"]
[WhiteElo "2010"]
[BlackElo "2119"]
[Result "1-0"]
[Round "1"]
1.e4 e5
2.Ng1f3 Nb8c6
3.c3 Ng8f6
4.d3 Bf8c5
5.Bc1e3 Bc5xe3
6.fxe3 d6
7.Bf1e2 Bc8e6
8.O-O  { time }
1-0

[Event "Tourn. n9185"]
[Site "www.chess-mail.com"]
[Date "2017.03.03"]
[Round "1"]
[White "Numanoid"]
[Black "Nimzo"]
[WhiteElo "2410"]
[BlackElo "2650"]
[Result "0-1"]
[Round "1"]
1.e4 e5
2.Ng1f3 Nb8c6
3.d4 exd4
4.Nf3xd4 Ng8f6
5.Nd4xc6 bxc6
6.e5 Qd8e7
7.Qd1e2 Nf6d5
8.c4 Nd5b6
9.Nb1c3 Bc8b7
10.Bc1d2 O-O-O
11.O-O-O Kb8
12.h4 Rd8e8
13.Rd1e1 Qe7c5
14.f4 { time. }
0-1

[Event "Tourn. n9259"]
[Site "www.chess-mail.com"]
[Date "2017.03.03"]
[Round "1"]
[White "Guidom"]
[Black "Estonia"]
[WhiteElo "2110"]
[BlackElo "2050"]
[Result "0-1"]
[Round "1"]
1.e4 e5
2.Ng1f3 Nb8c6
3.Bf1b5 a6
4.Bb5a4 Ng8f6
5.O-O Bf8e7
6.Rf1e1 b5
7.Ba4b3 d6
8.c3 Nc6a5
9.d4 Na5xb3
10.Qd1xb3 O-O
11.dxe5 Bc8e6
12.Qb3c2 Nf6g4
13.exd6 Be7xd6
14.e5 Bd6c5
15.Bc1e3 Bc5xe3
16.fxe3 c5
17.Nb1d2 c4
18.Ra1d1 Qd8b6
19.Nf3d4 Ng4xe5
20.Nd2f3 Ne5xf3
21.Nd4xf3 Ra8d8
22.Nf3d4 Be6g4
23.Rd1d2 Bg4e6
24.Rd2f2 Rd8d5
25.Re1f1 Rd5g5
26.Qc2e4 Be6d5
27.Qe4e7 Qb6g6
28.Nd4f3 Bd5xf3
29.Rf2xf3 Rg5xg2
30.Kh1 Rg2xb2
31.Rf3g3 Qg6c6
32.e4 Rb2xa2
33.Qe7e5 g6
34.h4 Ra2e2
35.Rg3g4 Rf8e8
36.Qe5g5 Re2xe4
37.Rg4g2 Re4e5
38.Qg5g3 Re5h5
39.Qg3f4 Qc6b7
40.Kh2 Qb7b8
41.Qf4xb8 Re8xb8
42.Rg2g4 Rb8d8
43.Rf1f6 Rd8d2
44.Kg1 Rh5e5
45.Kf1 Re5e3
46.Rf6xa6 Re3xc3
47.Ke1 Rd2b2
48.Ra6a1 Rc3h3
{ resign }
0-1

[Event "Tourn. n9138"]
[Site "www.chess-mail.com"]
[Date "2017.03.03"]
[Round "1"]
[White "Aperturaf"]
[Black "Numanoid"]
[WhiteElo "2380"]
[BlackElo "2400"]
[Result "1-0"]
[Round "1"]
1.e4 e5
2.Ng1f3 Nb8c6
3.d4 exd4
4.Nf3xd4 Ng8f6
5.Nd4xc6 bxc6
6.e5 Qd8e7
7.Qd1e2 Nf6d5
8.c4 Bc8a6
9.b3 g6
10.f4 d6
11.Qe2f2 Nd5f6
12.Bf1e2 dxe5
13.O-O Qe7c5
14.Bc1e3 Nf6e4
15.Be3xc5 Bf8xc5
16.Qf2xc5 Ne4xc5
17.fxe5 O-O
18.Rf1d1 Rf8e8
19.Be2f3 Ba6b7
20.b4 Nc5e6
21.Nb1c3 Ne6g5
22.Rd1d7 a5
23.b5 Ng5xf3
24.gxf3 cxb5
25.Rd7xc7 { resign }
1-0

[Event "Tourn. n9209"]
[Site "www.chess-mail.com"]
[Date "2017.03.03"]
[Round "1"]
[White "Osmundw"]
[Black "Cal"]
[WhiteElo "1440"]
[BlackElo "1640"]
[Result "0-1"]
[Round "1"]
1.e4 e5
2.Ng1f3 d6
3.g3 a6
4.b3 Nb8c6
5.d4 exd4
6.Bc1b2 Bc8g4
7.Nb1d2 Ng8f6
8.c3 dxc3
9.Bb2xc3 Bf8e7
10.Bf1e2 Bg4xf3
11.Be2xf3 h6
12.e5 dxe5
13.Nd2e4 O-O
14.Qd1e2 b5
15.a3 Nf6d5
16.Ra1c1 f5
17.Ne4c5 Be7xc5
18.Rc1d1 Bc5d4
19.Bf3xd5 Qd8xd5
20.Bc3xd4 exd4
21.f3 Ra8e8
22.Rd1xd4 Re8xe2
23.Kxe2 Qd5xd4
24.f4 Rf8e8
25.Kf3 Qd4e4
26.Kf2 Qe4e2
27.Kg1 Nc6d4
{ resign }
0-1

[Event "Match"]
[Site "www.echecsemail.com"]
[Date "2017.03.03"]
[Round "1"]
[White "Sonfamen"]
[Black "Guidom"]
[WhiteElo "1889"]
[BlackElo "2090"]
[Result "0-1"]
[Round "1"]
1.d4 d5
2.Nb1c3 c6
3.g3 Ng8f6
4.Bf1g2 Bc8f5
5.Bc1g5 e6
6.e4 dxe4
7.Nc3xe4 Bf5xe4
8.Bg2xe4 Qd8a5
9.Bg5d2 Bf8b4
 { time }
0-1

[Event "Match"]
[Site "www.echecsemail.com"]
[Date "2017.03.03"]
[Round "1"]
[White "Bitcoin"]
[Black "Manuelito"]
[WhiteElo "1809"]
[BlackElo "1700"]
[Result "1-0"]
[Round "1"]
1.e4 e5
2.Ng1f3 d6
3.d4 Ng8f6
4.Nb1c3 exd4
5.Nf3xd4 Nb8c6
6.Bf1b5 Bc8d7
7.O-O Bf8e7
8.Rf1e1 O-O
9.Bb5xc6 Bd7xc6
10.Qd1d3 Rf8e8
11.Nd4xc6 bxc6
12.Qd3a6 Qd8d7
13.Bc1d2 Nf6g4
14.Ra1d1 Ng4e5
15.h3 Re8b8
16.b3 Be7f6
17.Nc3a4 h6
18.f4 Ne5g6
19.Bd2c1 c5
20.Na4xc5 Qd7b5
21.Qa6xb5 Rb8xb5
22.Nc5a4 Ra8e8
23.c4 Rb5b8
24.Kf2 Kf8
25.g3 Ng6e7
26.e5 dxe5
27.Na4c5 exf4
28.Nc5d7 Kg8
29.Bc1xf4 Rb8c8
30.Nd7xf6 gxf6
31.Rd1d7 Ne7f5
32.Re1xe8 Rc8xe8
33.Rd7xc7 Re8a8
34.g4 Nf5h4
35.c5 f5
36.Bf4g3 fxg4
37.Bg3xh4 gxh3
38.c6 Ra8d8
39.Bh4xd8 { resign }
1-0

[Event "Match"]
[Site "www.echecsemail.com"]
[Date "2017.03.03"]
[Round "1"]
[White "Guidom"]
[Black "Mrynmryn"]
[WhiteElo "2110"]
[BlackElo "2090"]
[Result "1-0"]
[Round "1"]
1.e4 e5
2.Ng1f3 Ng8f6
3.Nb1c3 Nb8c6
4.Bf1c4 Bf8c5
5.d3 O-O
6.O-O a6
7.Bc1g5 d6
8.a3 Nc6d4
9.Nf3xd4 Bc5xd4
10.Qd1d2 c6
11.Kh1 b5
12.Bc4b3 Qd8e7
13.f4 Bc8e6
14.fxe5 dxe5
15.Bg5xf6 gxf6
16.Qd2h6 Be6xb3
17.cxb3 Kh8
18.Rf1f5 Bd4e3
19.Qh6xf6 Qe7xf6
20.Rf5xf6 Ra8d8
21.Ra1d1 c5
22.h3 c4
23.dxc4 Rd8xd1
24.Nc3xd1 Be3d4
25.Rf6xa6 bxc4
26.bxc4 f5
27.Nd1c3 Bd4xc3
28.bxc3 fxe4
29.Ra6e6 Rf8c8
30.Re6xe5 Rc8xc4
31.Re5a5 Rc4xc3
32.Kg1 e3
33.Kf1 Rc3c2
34.Ra5a8 Kg7
35.a4 Rc2a2
36.a5 Kf7
37.a6 Kg6
38.a7 Kh5
39.g3 h6
40.h4 { resign }
1-0

[Event "1/128 Finale"]
[Site "www.chess-mail.com"]
[Date "2017.03.03"]
[Round "1"]
[White "Guidom"]
[Black "Mechjoura"]
[WhiteElo "2040"]
[BlackElo "1809"]
[Result "1/2-1/2"]
[Round "1"]
1.e4 e5
2.Ng1f3 Nb8c6
3.Bf1c4 Ng8f6
4.d3 h6
5.O-O Bf8c5
6.c3 d5
7.exd5 Nf6xd5
8.Qd1e2 Qd8d6
9.Rf1e1 f6
10.Qe2e4 Nd5e7
11.d4 exd4
12.cxd4 Bc5xd4
13.Nf3xd4 Qd6xd4
14.Qe4g6 Kd8
15.Qg6c2 Bc8g4
16.Bc4e6 Bg4h5
17.Bc1e3 Qd4e5
18.Qc2d2 Qe5d6
19.Qd2xd6 cxd6
20.Nb1c3 Nc6b4
21.Re1d1 Bh5xd1
22.Ra1xd1 Ne7c6
23.a3 Ke7
24.Be6f5 Nb4a6
25.b4 Nc6e5
26.Nc3d5 Kf7
27.h4 Ne5c4
28.Be3c1 Ra8e8
29.Nd5f4 Re8e5
30.Nf4g6 Re5xf5
31.Ng6xh8 Kg8
32.Nh8g6 Kf7
33.Ng6f4 Na6c7
34.Nf4e2 Nc7e6
35.Ne2d4 Ne6xd4
36.Rd1xd4 d5
37.a4 Rf5e5
38.Kf1 Nc4b6
39.a5 Nb6a4
40.f3 Na4c3
41.Bc1d2 Nc3e2
42.Rd4d3 Ne2g3
43.Kf2 Ng3e2
44.Bd2e3 d4
45.Kxe2 Re5xe3
46.Rd3xe3 dxe3
47.Kxe3 Ke6
48.Ke4 Kd6
49.Kd4 Kc6
50.Kc4 a6
51.g4 g6
52.f4 Kd6
53.Kd4 Ke6
54.Kc5 Kd7
55.Kb6 Kc8
56.g5 fxg5
57.fxg5 hxg5
{ draw }
1/2-1/2

[Event "Fast Game"]
[Site "www.echecsemail.com"]
[Date "2017.03.03"]
[Round "1"]
[White "Pellix84"]
[Black "Sonfamen"]
[WhiteElo "1580"]
[BlackElo "1599"]
[Result "1-0"]
[Round "1"]
1.d4 d5
2.Ng1f3 b6
3.e3 f6
4.Bf1d3 Bc8d7
5.O-O c5
6.c4 Bd7c6
7.cxd5 Qd8xd5
8.Nb1d2 e6
9.a4 cxd4
10.Bd3c4 Qd5d6
11.Nf3xd4 Bc6d7
12.Qd1f3 Nb8c6
13.Nd4b5 Qd6e5
14.Nd2e4 Nc6b4
15.Ne4xf6 Ng8xf6
16.Qf3xa8 Kf7
17.Qa8xa7 Bf8c5
18.a5  { time }
1-0

[Event "Tourn. n9221"]
[Site "www.chess-mail.com"]
[Date "2017.03.04"]
[Round "1"]
[White "Genius7"]
[Black "Pariolinius"]
[WhiteElo "1890"]
[BlackElo "2040"]
[Result "0-1"]
[Round "1"]
1.e4 e6
2.d4 d5
3.exd5 exd5
4.Bc1f4 Ng8f6
5.Ng1f3 Nb8c6
6.Bf1b5 Bc8d7
7.O-O Bf8e7
8.c3 a6
9.Bb5xc6 Bd7xc6
10.Nb1d2 O-O
11.Nf3e5 Bc6b5
12.Rf1e1 Be7d6
13.Nd2f3 Nf6e4
14.Bf4g3 Ne4xg3
15.hxg3 Qd8f6
16.Qd1d2 Ra8e8
17.Ne5g4 Qf6g6
18.Ng4e5 Qg6f6
19.Re1e3 Qf6h6
20.Qd2c2 f6
21.Ne5g4 Qh6g6
22.Re3xe8 Qg6xc2
{ resign }
0-1

[Event "Tourn. n9217"]
[Site "www.chess-mail.com"]
[Date "2017.03.04"]
[Round "1"]
[White "Pachi"]
[Black "Hansen"]
[WhiteElo "1520"]
[BlackElo "1620"]
[Result "0-1"]
[Round "1"]
1.e4 d5
2.f3 dxe4
3.fxe4 c6
4.d3 Ng8f6
5.Nb1c3 Nf6g4
6.Qd1f3 h6
7.Qf3g3 e5
8.h3 Ng4f6
9.Qg3xe5 Bc8e6
10.g4 Nb8d7
11.Qe5d4 Bf8c5
12.Qd4a4 b5
13.Qa4a6 Nd7b8
14.Qa6b7 Nb8d7
15.Qb7xc6 Ra8c8
16.Qc6xb5 h5
17.b4 Bc5b6
18.g5 Nf6g8
19.h4 Ng8e7
20.a4 Rc8xc3
21.Bc1b2 Rc3xc2
22.Bb2xg7 Rh8g8
23.Bg7f6 Rg8g6
24.Ng1f3 Be6g4
25.Kd1 Qd8c8
26.Bf1e2 Kf8
27.d4 Qc8c3
28.Qb5xd7 Bg4xd7
29.Nf3e5 Qc3d2
{ resign }
0-1

[Event "Tourn. n9024"]
[Site "www.chess-mail.com"]
[Date "2017.03.04"]
[Round "1"]
[White "Johnmcbride"]
[Black "Bigrezi"]
[WhiteElo "1930"]
[BlackElo "1870"]
[Result "1-0"]
[Round "1"]
1.d4 Ng8f6
2.g3 d5
3.e3 Nb8c6
4.a3 e5
5.dxe5 Nc6xe5
6.f4 Ne5c6
7.h3 Bf8e7
8.Bf1d3 O-O
9.Bc1d2 Rf8e8
10.Ng1f3 a6
11.Nb1c3 b5
12.Qd1e2 Be7c5
13.O-O-O b4
14.axb4 Nc6xb4
15.Nc3a4 Nb4xd3
16.Qe2xd3 Nf6e4
17.Rd1e1 Ne4f2
18.Qd3e2 Nf2xh1
19.Re1xh1 Bc8d7
20.Na4xc5 Bd7b5
21.Nc5d3 c5
22.Qe2f2 Qd8d6
23.Bd2c3 c4
24.Nd3b4 a5
25.Nb4a2 h6
26.Nf3d4 Bb5d7
27.g4 Re8e4
28.Rh1e1 a4
29.Bc3b4 Qd6b6
30.Qf2d2 Ra8e8
31.Bb4a5 Qb6b7
32.Na2c3 Re4e7
33.Nc3a2 Re8b8
34.Ba5b4 Re7e8
35.Bb4a3 Re8c8
36.c3 Rc8e8
37.Na2b4 Qb7c8
38.Qd2g2 Kh8
39.Qg2xd5 f6
40.f5 Re8e5
41.Qd5g2 Qc8e8
42.Nb4d5 Bd7c6
43.Nd4xc6 Qe8xc6
44.Nd5f4 Qc6xg2
45.Nf4xg2 Rb8d8
46.Ng2f4 Re5b5
47.Re1e2 Rb5b7
48.Nf4e6 Rd8e8
49.Ne6c5 Rb7e7
50.Nc5e6 Re7d7
51.Ne6c5 Rd7e7
52.Nc5e6 Re7d7
53.Ne6d4 Kg8
54.Kc2 Kf7
55.Kb1 Rd7d5
56.Ka2 Rd5e5
57.Nd4e6 g6
58.Ba3d6 gxf5
59.Bd6xe5 Re8xe6
60.Be5f4 fxg4
61.hxg4 Kg6
62.Ka3 f5
63.gxf5 Kxf5
64.Kxa4 h5
65.Kb4 Re6c6
66.Kb5 Rc6c8
67.Re2d2 Kg4
68.Rd2d4 h4
69.Rd4xc4 { resign }
1-0

[Event "Tourn. n9022"]
[Site "www.chess-mail.com"]
[Date "2017.03.04"]
[Round "1"]
[White "Seger"]
[Black "Ejner"]
[WhiteElo "2790"]
[BlackElo "2470"]
[Result "1-0"]
[Round "1"]
1.d4 Ng8f6
2.c4 e6
3.g3 Bf8b4
4.Nb1c3 O-O
5.Bf1g2 d5
6.a3 Bb4e7
7.cxd5 exd5
8.e3 a5
9.Ng1e2 c6
10.O-O Rf8e8
11.f3 c5
12.Ne2f4 cxd4
13.exd4 Nb8a6
14.Rf1e1 Na6c7
15.Nf4d3 Bc8f5
16.Nd3e5 Nf6d7
17.f4 Nd7f6
18.g4 Bf5c8
19.g5 Nf6d7
20.Nc3xd5 Nd7xe5
21.Nd5xe7 Re8xe7
22.dxe5 Bc8f5
23.Qd1xd8 Ra8xd8
24.Bc1e3 Nc7d5
25.Ra1d1 Re7d7
26.Be3c1 Kf8
27.Bg2f3 Nd5b6
28.Rd1xd7 Rd8xd7
29.Re1d1 Rd7xd1
30.Bf3xd1 Nb6d7
31.b4 axb4
32.axb4 Ke7
33.Bd1f3 b6
34.h4 g6
35.b5 Kd8
36.Bc1a3 Ke8
37.Kf2 Bf5e6
38.Ke3 Kd8
39.Kd4 Ke8
40.Ba3d6 Kd8
41.h5 Ke8
42.Bf3e4 { resign }
1-0

[Event "Tourn. n9166"]
[Site "www.chess-mail.com"]
[Date "2017.03.04"]
[Round "1"]
[White "Rovaniaina"]
[Black "Forest"]
[WhiteElo "1809"]
[BlackElo "1820"]
[Result "0-1"]
[Round "1"]
1.e4 e6
2.Nb1c3 d5
3.d4 Ng8f6
4.e5 Nf6d7
5.Ng1f3 a6
6.Bc1g5 Bf8e7
7.Qd1d2 Be7xg5
8.Nf3xg5 h6
9.Ng5xf7 Kxf7
10.Qd2f4 Kg8
11.O-O-O c5
12.Bf1d3 cxd4
13.Nc3e2 Qd8f8
14.Qf4xf8 Nd7xf8
15.Ne2xd4 Nb8c6
16.Nd4f3 Bc8d7
17.g4 Nc6b4
 { time }
0-1

[Event "Tourn. n9105"]
[Site "www.chess-mail.com"]
[Date "2017.03.04"]
[Round "1"]
[White "Ditto"]
[Black "Jobeye"]
[WhiteElo "1840"]
[BlackElo "2149"]
[Result "1-0"]
[Round "1"]
1.d4 c6
2.Ng1f3 g6
3.c4 Bf8g7
4.Bc1g5 d6
5.e3 Bc8f5
6.Nb1c3 Nb8d7
7.Bf1e2 Qd8c7
8.O-O e5
9.d5 h6
10.Bg5h4 e4
11.Nf3d4 Bg7xd4
12.Qd1xd4 f6
13.Bh4g3 h5
14.dxc6 Qc7xc6
15.Bg3xd6 b6
16.Bd6a3 Ra8d8
17.Be2d1 Nd7e5
18.Nc3d5 Ne5xc4
19.Bd1b3 Nc4xa3
20.bxa3 Rd8d6
21.Ra1c1 Qc6d7
22.Qd4c4 Kd8
23.Bb3a4  { time }
1-0